000 00520nam a2200181 i 4500
001 134142
003 ES-MaACL
005 20230906194617.0
007 t|
008 070905s1969 sp ||||1| spa d
100 1 _aWylie, W. D.
_9117470
245 1 0 _aAnestesiología /
_cW. D. Wylie, H. C. Churchill-Davidson.
260 _aBarcelona :
_bSalvat,
_c[1969]
300 _a1010 p. :
_bil. ;
_c26 cm.
650 1 4 _aAnestesiología.
_9172226
700 1 _aChurchill-Davidson, H. C.
_938709
852 _aES-MaACL
_jC-36907
999 _c134142
_d134142